| 000 | 00899nam a22003137a 4500 | ||
|---|---|---|---|
| 003 | CHAP | ||
| 005 | 20220817043929.0 | ||
| 008 | 010926d mx r 00110 spa d | ||
| 010 | _a88152 | ||
| 011 | _a89124 | ||
| 020 | _a9251049432 | ||
| 035 | _a99673 | ||
| 040 | _cCHAP | ||
| 090 | _aFolleto 16742 | ||
| 110 | 2 | _aFAO | |
| 245 | 1 | 0 |
_aAgriculture, food and water _c/by FAO |
| 260 |
_aRome : _bFAO, _c2003. |
||
| 300 |
_a61 p. : _bilus. , cuadros ; mapas |
||
| 590 |
_aBATCH-UPD _b10 _c20130110 _lUCH01 _h0732 |
||
| 590 |
_aBATCH-UPD _b10 _c20130410 _lUCH01 _h0415 |
||
| 590 |
_aCONVERSION _b10 _c20130109 _lUCH01 _h1349 |
||
| 650 | 1 | 4 |
_aAgua para irrigacion. _92430 |
| 650 | 1 | 4 |
_aAlimentos _xAgua en. _94161 |
| 710 | 0 | 2 |
_aWorld Water Development Report. _9122744 |
| 901 | _aBK | ||
| 905 | _aAlejandra Carrasco M. | ||
| 942 | _cFOLL | ||
| 949 |
_aFolleto 16742 _bBC _cFOLL _d996731 _eTS1 _i99673 _sb |
||
| 999 |
_c88152 _d88152 |
||